[Event "XII Closed IM BCC 2021"]
[Site "Barcelona"]
[Date "2021.03.16"]
[Round "2.4"]
[White "Boyer, Mahel"]
[Black "Alvarez Albiol, Victor"]
[Result "1-0"]
[WhiteElo "2333"]
[BlackElo "2246"]
[Annotator "TA"]
[PlyCount "129"]
[EventDate "2021.03.15"]
[EventType "tourn"]
[EventCountry "ESP"]
[SourceTitle "playchess.com"]
[Source "ChessBase"]
[SourceQuality "1"]

{[%evp 13,129,16,16,17,10,12,21,8,19,11,16,20,22,-53,32,-34,-38,-72,-68,-73,0,-69,-81,-68,-77,-75,0,0,0,-20,-36,-34,0,0,0,-38,-41,-125,-88,-147,-156,-183,-190,-158,-180,-170,-177,-186,0,-222,-216,-186,-176,-241,-191,-257,-148,-149,-146,-158,-131,-162,-149,-150,-132,-158,-39,-54,0,0,0,0,114,0,0,0,0,0,0,0,0,0,0,0,0,0,0,0,0,0,0,0,0,0,0,0,0,0,0,0,58,58,58,58,58,58,29953,58,58,58,29973,29971,29972,29975,29975,29976,29986,29987]} 1. d4 Nf6 2. c4 g6 3. Nc3 Bg7 4. Nf3 O-O 5. e3 d6 6. Be2 c5 7. d5 e6 8. O-O {E61: King's Indian: Early deviations for White, including Smyslov System.} exd5 9. cxd5 Re8 10. Nd2 {The position is equal.} Na6 11. e4 Nc7 12. a4 Rb8 {now scores much better than the old 12...b6.} 13. Qc2 (13. Re1 $11) 13... b6 (13... a6 $15) 14. Re1 (14. Nc4 $14) 14... a6 $15 {[%cal Ba7a6,Ba6b5][%mdl 32] [#]} 15. Nc4 $146 ({Predecessor:} 15. Rb1 b5 16. axb5 axb5 17. b4 cxb4 18. Rxb4 Bd7 19. Ba3 Na6 20. Rxb5 Bxb5 21. Bxb5 Nxd5 {½-½ (21) Schmuecker,M (2256)-Gaal,Z (2063) Bad Woerishofen 2019}) 15... b5 16. axb5 Nxb5 (16... axb5 $17 17. Na5 Bd7) 17. Nxb5 (17. f3 $11) 17... axb5 18. Na5 {aiming for Nc6.} Bd7 ({And not} 18... Nxe4 19. Nc6 $16) 19. f3 Nh5 (19... Ra8 $17 20. Bd2 Qb6) 20. Be3 $11 Qf6 21. Rab1 Nf4 22. Bf1 c4 23. Qd2 g5 24. Qf2 Ra8 25. b4 (25. Nc6 $15) 25... h6 26. Red1 (26. Nc6 $142) 26... Qg6 $17 27. g3 Nh3+ 28. Bxh3 Bxh3 29. Bd4 Bxd4 30. Rxd4 g4 $2 (30... f5 $19 {[%cal Rf5e4]} 31. Nc6 g4) 31. Re1 $2 (31. f4 $1 $11 {and White is okay.}) 31... gxf3 $19 32. Qxf3 f5 33. e5 (33. Qf4 $142) 33... dxe5 34. Rd2 (34. Rh4 {was the only defense.} Bg4 35. Qf2) 34... Bg4 (34... e4 $19 35. Qf4 Qb6+ 36. Qe3 Qxe3+ 37. Rxe3 Re7) 35. Qc3 $17 Qb6+ 36. Qe3 Qxe3+ 37. Rxe3 f4 38. Re1 fxg3 $1 39. hxg3 Bf5 ({Black should play} 39... Ra6 $1 $17 40. d6 Rb6) 40. d6 $15 Bd3 (40... Bd7 $15 41. Nb7 e4) 41. Nb7 $1 $11 e4 42. d7 Red8 {[#]} 43. Nxd8 (43. Ra2 $1 $16 {[%cal Ra2a8][%mdl 512]} Rab8 44. Nxd8 Rxd8 45. Ra7) 43... Rxd8 $16 {[%mdl 4096] Endgame KRR-KRB} 44. Ra2 Rxd7 45. Ra8+ Kf7 46. Rc8 Ke6 {Strongly threatening ...Ke5.} 47. Kf2 $1 Rg7 48. Ke3 Rxg3+ 49. Kd4 Rg5 50. Rc6+ Kf5 51. Rxh6 Kf4 52. Rf6+ Rf5 53. Rxf5+ Kxf5 $11 {KR-KB} 54. Ra1 Kf4 55. Ra8 Kf3 $1 56. Rb8 c3 ({Black should try} 56... Ke2 $11) 57. Kxc3 $14 {Black must now prevent Kd2.} Ke3 58. Rh8 Ke2 59. Kd4 Kf3 $2 {[%mdl 8192]} (59... Kd2 $14) 60. Rf8+ $2 (60. Rh4 {mates} Bc2 61. Rh5 Bd3 62. Rh2 Bf1 63. Rh1 Bd3 64. Rh4 Bc2 65. Rh2) 60... Ke2 $1 61. Rf4 e3 {[%mdl 8192]} (61... Kd1 $14) 62. Rf7 {White mates.} Kd2 63. Rf3 Kc2 64. Rxe3 Bc4 65. Rc3+ {White used his chance.  Weighted Error Value: White=0.35/Black=0.46} 1-0

[Event "XII Closed IM BCC 2021"]
[Site "Barcelona"]
[Date "2021.03.17"]
[Round "3.1"]
[White "Gines Esteo, Pedro Antonio"]
[Black "Girel, Joseph"]
[Result "1-0"]
[WhiteElo "2443"]
[BlackElo "2310"]
[Annotator "NA RC"]
[PlyCount "85"]
[EventDate "2021.03.15"]
[EventType "tourn"]
[EventCountry "ESP"]
[SourceTitle "playchess.com"]
[Source "ChessBase"]
[SourceQuality "1"]
[TimeControl "5400+30"]

1. d4 Nf6 2. c4 e6 3. Nc3 Bb4 4. e3 O-O 5. Bd2 b6 6. Bd3 Bb7 7. Nf3 d6 8. O-O Nbd7 9. a3 Bxc3 10. Bxc3 Ne4 11. Be1 f5 12. Nd2 Qg5 13. f4 Qe7 14. Nxe4 fxe4 15. Bc2 d5 16. cxd5 exd5 17. Qe2 a5 18. Ba4 c5 19. Bc3 Ba6 20. Bb5 Bxb5 21. Qxb5 Qe6 22. dxc5 Nxc5 23. b4 Nd3 24. bxa5 bxa5 25. Qb7 Qf7 26. Rfb1 a4 27. Bd4 Rac8 28. h3 h6 29. Qa6 Ra8 30. Qb6 Rac8 31. Rb5 Rfd8 32. Rab1 Rd7 33. Qa6 Rdc7 34. Rb8 Rxb8 35. Rxb8+ Kh7 36. Qd6 Rc1+ 37. Kh2 Ne1 38. Rf8 Qb7 39. Qe6 Rc6 40. Qe8 Nf3+ 41. gxf3 Rc2+ 42. Kg3 Qb1 43. Rh8# 1-0

[Event "XII Closed IM BCC 2021"]
[Site "Barcelona"]
[Date "2021.03.17"]
[Round "3.2"]
[White "Alvarez Albiol, Victor"]
[Black "Garcia Ramos, Daniel"]
[Result "0-1"]
[WhiteElo "2246"]
[BlackElo "2412"]
[Annotator "TA"]
[PlyCount "101"]
[EventDate "2021.03.15"]
[EventType "tourn"]
[EventCountry "ESP"]
[SourceTitle "playchess.com"]
[Source "ChessBase"]
[SourceQuality "1"]

{[%evp 21,101,18,20,20,20,18,23,-38,-36,-33,-35,-60,-56,-99,-94,-81,-91,-116,-105,-115,-106,-120,-118,-161,-135,-169,-118,-155,-154,-139,-144,-150,-148,-153,-147,-141,0,-147,0,-154,0,-152,0,-147,0,-153,0,-179,-161,-174,-185,-179,-179,-167,-118,-327,-239,-375,-320,-304,-278,-473,-400,-399,-370,-431,-423,-455,-410,-460,-462,-421,-417,-370,-325,-712,-711,-700,-700,-686,-685,-715]} 1. e4 e5 2. Nf3 Nc6 3. Bb5 a6 4. Ba4 Nf6 5. O-O Be7 6. Re1 b5 7. Bb3 d6 8. c3 O-O 9. h3 Nb8 10. d4 Nbd7 11. Nbd2 c5 12. Nf1 {C95: Closed Ruy Lopez: Breyer Variation with 10 d4.} Re8 13. Ng3 Bf8 14. Nf5 ({Better is} 14. d5 $11) 14... exd4 $15 15. cxd4 Bb7 16. e5 dxe5 {[#]} 17. Nxe5 $146 ({Predecessor:} 17. dxe5 Bxf3 18. Qxf3 Nxe5 19. Rxe5 Rxe5 20. Bg5 c4 21. Nh6+ gxh6 22. Bxf6 Qd5 23. Bxe5 Qxf3 24. gxf3 cxb3 25. axb3 {½-½ (37) Navara,D (2737)-Ponomariov,R (2709) Czech Republic 2017}) 17... c4 18. Bc2 Nxe5 19. dxe5 Qxd1 20. Bxd1 Nd7 21. Bf4 {[#]} g6 $1 {[%cal Rg6f5]} 22. Nd4 Bg7 {[%cal Rd7e5]} 23. Nf3 Rac8 (23... f6 $19 {[%cal Rf6e5]} 24. exf6 Bxf6 25. Rxe8+ Rxe8) 24. Rb1 Nc5 {...Nd3 is the strong threat.} 25. Bc2 Ne6 26. Bg3 Bxf3 27. gxf3 Nd4 28. Bd1 Ne6 29. Bc2 $1 Nd4 30. Bd1 Ne6 31. Bc2 $1 Nd4 32. Bd1 Ne6 33. Bc2 $1 Nd4 $2 (33... Rcd8 $17 34. Kf1 Nd4) 34. Be4 $2 (34. Bd1 $11 {and White is okay.}) 34... Bxe5 $19 35. Bb7 Bxg3 36. fxg3 {[#]} Rxe1+ $1 37. Rxe1 {[%mdl 4096] Endgame KRB-KRN} Rc7 38. Re8+ {White does not recover from this.} (38. Rd1 $17) 38... Kg7 39. Rb8 (39. Be4 $142) 39... a5 {[%cal Ba6a5,Ba5a4][%mdl 32]} 40. Be4 f5 41. Bb1 (41. Rd8 {keeps fighting.} Ne6 42. Rd6) 41... b4 42. Rd8 Nxf3+ 43. Kf2 Ng5 44. Rd5 a4 45. Rb5 c3 46. bxc3 bxc3 47. Bc2 Rd7 {White must now prevent ...Rd2+.} 48. Bxa4 $2 (48. Ke3) 48... c2 {[%mdl 64] Decoy. Black is clearly winning.} 49. Bxc2 Rd2+ {[%mdl 64] Double Attack} 50. Ke3 Rxc2 51. Kd4 {Weighted Error Value: White=0.40/Black=0.28} 0-1

[Event "XII Closed IM BCC 2021"]
[Site "Barcelona"]
[Date "2021.03.17"]
[Round "3.3"]
[White "Martin Barcelo, Carles"]
[Black "Boyer, Mahel"]
[Result "1/2-1/2"]
[WhiteElo "2258"]
[BlackElo "2333"]
[Annotator "TA"]
[PlyCount "226"]
[EventDate "2021.03.15"]
[EventType "tourn"]
[EventCountry "ESP"]
[SourceTitle "playchess.com"]
[Source "ChessBase"]
[SourceQuality "1"]

{[%evp 10,226,22,25,22,24,24,22,21,20,20,0,21,-49,-50,-60,-30,-12,-32,-35,57,62,61,21,29,19,44,26,95,52,89,82,76,62,69,27,35,38,44,34,24,0,0,0,0,0,0,-8,0,0,-31,-53,-32,-16,0,0,-1,0,0,-63,-62,-60,-62,-116,-93,-86,-35,-102,-8,-8,-8,-8,-2,-8,-2,-6,-6,-259,-176,-139,0,0,0,0,0,0,0,-47,-47,-80,-80,-80,-64,-79,-79,-80,-8,-8,-8,-8,-8,-8,-8,-8,0,0,0,-8,-8,-8,0,0,0,0,0,0,0,0,0,0,0,-8,-8,-8,-8,-8,0,0,0,0,0,0,0,0,0,0,0,0,0,0,0,0,0,0,0,0,0,0,0,0,0,0,0,0,0,0,0,0,0,0,0,0,0,0,0,0,0,0,0,0,0,0,0,0,0,0,0,0,0,0,0,0,0,0,0,0,0,0,0,0,0,0,0,0,0,0,0,0,0,0,0,0,0,0,0,0,0,0,0,0,0,0,0,0,0,0,0,0,0]} 1. e4 e6 2. d4 d5 3. e5 c5 4. c3 Bd7 5. Nf3 a6 6. Bd3 Nc6 {The modern move. B28: Sicilian: 2 Nf3 a6 (O'Kelly Variation).} 7. a3 Nh6 8. b4 cxd4 9. cxd4 {[#]} Nf5 $146 ({Predecessor:} 9... Qb6 10. Be3 Nf5 11. O-O Rc8 12. g4 Nxe3 13. fxe3 f6 14. exf6 gxf6 15. g5 f5 {0-1 (31) Koykka,P (2327)-Luukkonen,T (2344) Helsinki 2016}) 10. Be3 b5 11. Nbd2 (11. Bxf5 $11 exf5 12. Nc3) 11... a5 $15 12. Bxb5 Nxe5 13. Nxe5 Bxb5 14. a4 Bd7 (14... Nxe3 15. fxe3 Bd7 16. O-O $16) (14... Bc4 $1 $15 15. Ndxc4 dxc4) 15. b5 $14 Bd6 16. Nef3 f6 17. Nb3 Qe7 18. O-O g5 (18... Nxe3 $11 19. fxe3 O-O) 19. Qe2 h5 20. Rac1 g4 21. Nfd2 e5 22. dxe5 Qxe5 {[%csl Gd6][%cal Re5h2]} 23. g3 h4 {[%cal Rh4g3]} 24. Rfe1 {Qd3 is the strong threat.} Kf7 25. Bc5 (25. Qxg4 $2 Rag8 $19) 25... hxg3 26. hxg3 Qxe2 27. Rxe2 {aiming for Bxd6.} Be5 28. Nf1 Rh3 29. Rd1 Rc8 ({Resist} 29... Rah8 30. Rxd5 Be6 31. Red2 $17) 30. Bd4 ({Don't go for} 30. Rxd5 $2 Be6 $19) 30... Nxd4 31. Nxd4 Rc4 32. Nc6 {[%cal Rc6e5]} Bxc6 33. bxc6 d4 ({Much worse is} 33... Rxc6 $6 34. Rxd5 Bc7 35. Re4 $16) 34. Rb2 (34. Nh2 $11) 34... Rh8 $15 35. Rb5 Rxa4 36. Nd2 ({White should try} 36. Nh2 $15) 36... Rc8 $17 37. Rc1 d3 (37... Ke6 $17 38. Ne4 Ra3) 38. Rd5 {[#]} (38. Nc4 $1 $15) 38... Rd4 (38... Ra1 $1 $17 {[%cal Ra1c1]} 39. Rxa1 Bxa1 40. Rxd3 Rxc6) 39. Rxa5 $11 Rd6 40. Rac5 Bd4 41. R5c4 Bb6 42. Kf1 f5 43. Nb3 $2 {[%mdl 8192]} (43. c7 $11) 43... Rh6 44. Ke1 {[#]} Rh1+ (44... Rh2 $1 $17 {[%cal Rh2f2]} 45. Rd4 Bxd4 46. Nxd4 f4 47. gxf4 g3) 45. Kd2 Rxc1 46. Rxc1 Bxf2 {[%mdl 4096] Endgame KRB-KRN} 47. Rf1 Bxg3 {Hoping for ...f4.} 48. Rxf5+ (48. Nd4 {is more complex.} Rd8 49. Nxf5 Bc7 50. Nh6+ Ke6 51. Nxg4 Ba5+ 52. Ke3) 48... Kg6 49. Rd5 Rxc6 50. Kxd3 Bh2 51. Nd4 Rf6 52. Ne2 g3 ({Better is} 52... Bc7 $17 53. Rd7 Bd6) 53. Rd8 $1 {The position is equal.} Kh7 {White should prevent ...g2.} 54. Rd7+ Kh6 55. Rd8 $1 Rg6 56. Ke3 Kg5 57. Rd5+ Kh6 58. Rd8 Re6+ 59. Kf3 Rf6+ 60. Ke3 Kg5 61. Rg8+ Kh4 62. Rh8+ Kg4 63. Rg8+ Kh3 64. Nf4+ Kh4 65. Kf3 {[%csl Gf3][%cal Rg8g4] [#]} (65. Ng2+ {with more complications.} Kh5 66. Nf4+ Kh6 67. Ne2 Kh7 68. Rg4) 65... Rxf4+ $1 66. Kxf4 {[%cal Rg8h8] KR-KB} g2+ 67. Kf3 g1=N+ 68. Kg2 Ne2 69. Kxh2 {KR-KN} (69. Kf2 {is interesting.} Nc3 70. Rh8+ Kg4 71. Rxh2 Ne4+ 72. Ke3) 69... Nf4 70. Kg1 (70. Rg3 {feels hotter.} Ne6 71. Kg2 Ng5 72. Kh2 Ne6) 70... Nh3+ 71. Kg2 $1 {Intending Rh8+ and mate.} Ng5 72. Kf2 (72. Rh8+ {keeps more tension.} Kg4 73. Rf8 Ne6 74. Rf6 Nf4+ 75. Kh1) 72... Kg4 73. Ke3 Kf5 74. Rf8+ Ke5 75. Ra8 Kf5 76. Ra5+ Kf6 77. Kf4 Ne6+ 78. Kg4 Nd4 79. Rd5 Ne6 80. Rf5+ Ke7 81. Rf2 Nc5 82. Kf5 Kd6 83. Rd2+ Kc6 84. Ke5 Nd7+ 85. Ke4 Nc5+ 86. Ke5 Nd7+ 87. Kd4 Kd6 88. Rh2 Nf6 89. Rb2 Nd7 90. Ra2 Nb8 91. Rh2 Nc6+ 92. Ke4 Kc5 93. Rh5+ Kd6 94. Rd5+ Ke6 95. Rd1 $1 Ne7 96. Rg1 Kd6 97. Rh1 Nc6 98. Rh5 Ne7 99. Ra5 Nc6 100. Rd5+ Ke6 101. Rd2 Ne7 102. Rb2 Nc6 103. Rb6 Kd6 104. Ra6 Kc5 105. Ra1 $1 Kd6 106. Rc1 Ne7 107. Rd1+ Ke6 108. Ra1 Nc6 109. Rg1 Kd6 110. Rg5 Ne7 111. Kd4 Nc6+ 112. Kc4 Ne5+ 113. Rxe5 Kxe5 {Weighted Error Value: White=0.19/Black=0.16} 1/2-1/2

[Event "XII Closed IM BCC 2021"]
[Site "Barcelona"]
[Date "2021.03.17"]
[Round "3.4"]
[White "Serra Canals, Oriol"]
[Black "Alcala Gonzalez, Cesar"]
[Result "1-0"]
[WhiteElo "2220"]
[BlackElo "2110"]
[Annotator "TA"]
[PlyCount "99"]
[EventDate "2021.03.15"]
[EventType "tourn"]
[EventCountry "ESP"]
[SourceTitle "playchess.com"]
[Source "ChessBase"]
[SourceQuality "1"]

{[%evp 13,99,9,2,-62,-47,-49,-41,-45,-48,-47,-14,-156,-155,-148,-145,-147,-126,-150,-141,-150,-161,-238,-132,-289,-297,-308,-296,-312,-233,-237,-157,-173,-119,-163,-134,-120,-118,-125,-115,-133,-117,-135,-60,-251,-159,-159,-160,-255,-127,-229,-227,-276,-77,-39,-27,-32,190,189,161,163,147,77,67,73,50,0,8,8,253,231,843,831,29966,12662,29976,29977,29978,29979,29979,29980,29979,29981,29976,29977,29993,29994,29994,29995]} 1. d4 d5 2. c4 c6 3. Nc3 Nf6 4. Nf3 e6 5. Qd3 dxc4 6. Qxc4 b5 7. Qd3 Bb7 8. g4 {D43: Semi-Slav: 5 Bg5 h6.} ({White should play} 8. e4 $11) 8... Nxg4 9. Rg1 Nf6 {[#]} 10. a3 $146 {Black is slightly better.} ({Predecessor:} 10. e4 b4 11. Na4 Nbd7 12. Bg5 Qa5 13. b3 c5 14. Ne5 Bxe4 15. Qb5 Qxb5 16. Bxb5 {½-½ (40) Hilby,C (2414)-Kevlishvili,R (2475) Saint Louis 2019}) 10... a6 11. e4 c5 12. e5 {[#]} (12. dxc5 $11 Qxd3 13. Bxd3) 12... c4 $1 $17 13. Qe2 (13. Qd1 Nd5) 13... Nd5 14. Bg2 h6 15. Bd2 Nd7 16. Nxd5 Bxd5 ({Not} 16... exd5 17. Bh3 $16) 17. Bb4 (17. Be3 $142) 17... Nb6 (17... Bxb4+ $19 18. axb4 a5 19. bxa5 Rxa5) 18. Rd1 $2 (18. Ba5 $17 {is a better defense.}) 18... Bxb4+ $19 19. axb4 Qe7 20. Nd2 g6 21. Bxd5 exd5 22. Qg4 Qd7 (22... Na4 $19 23. Rb1 Qxb4) 23. Qf4 {And now Qf6 would win.} O-O-O 24. Qf6 Kb7 25. Rg3 Rhe8 26. Rf3 Re7 27. Nf1 Qe6 (27... Rc8 $17 {aiming for ...Rc6.} 28. Ne3 Qe8) 28. Qh4 $2 ({White should try} 28. Ne3 $15) 28... g5 29. Qh5 f5 30. Ne3 (30. Ng3 $17 f4 31. Ne2) 30... Rf8 (30... f4 $19 {and Black stays clearly on top.} 31. Nc2 Na4) 31. h4 (31. Kf1 $17) 31... Rg7 32. Ke2 Na4 $2 (32... f4 $19 33. hxg5 hxg5) 33. Rg1 $17 {[%cal Rh4g5]} f4 {Strongly threatening ...Rff7.} ({But not} 33... Nxb2 34. hxg5 f4 35. g6 $17) 34. hxg5 {Black must now prevent g6.} Qg6 $2 (34... Nxb2 $15 {stays ahead.} 35. g6 Nd3) 35. Qxg6 $18 Rxg6 36. Nxd5 Rxg5 37. Rh1 (37. Rxg5 $142 hxg5 38. Rh3) 37... Rd8 $16 38. Nxf4 {Ne6 is the strong threat.} Rxd4 39. Ke3 Rd7 {[%cal Rg5e5]} 40. Ke4 Nxb2 $2 {[#]} (40... Re7 $11 41. e6 a5) 41. Ne6 $1 $18 {[%cal Re6g5]} Nd3 $2 (41... Re7) 42. Nxg5 hxg5 {[%mdl 4096] Endgame KRR-KRN} 43. e6 Rd8 44. Rh7+ {White mates.} Kc6 45. e7 Re8 46. Rf8 Kd7 47. Rxe8 Kxe8 {[#]} 48. Kf5 $1 c3 49. Kf6 Kd7 50. Rh8 {Weighted Error Value: White=0.32/Black=0.79} 1-0

[Event "XII Closed IM BCC 2021"]
[Site "Barcelona"]
[Date "2021.03.17"]
[Round "3.5"]
[White "Benedetti, Julio"]
[Black "Hernandez, Cristian Andres"]
[Result "1/2-1/2"]
[WhiteElo "2282"]
[BlackElo "2355"]
[Annotator "NA"]
[PlyCount "44"]
[EventDate "2021.03.15"]
[EventType "tourn"]
[EventCountry "ESP"]
[SourceTitle "playchess.com"]
[Source "ChessBase"]
[SourceQuality "1"]
[TimeControl "5400+30"]

1. e4 {[%emt 0:09:18]} c5 {[%emt 0:00:00]} 2. Nc3 {[%emt 0:00:15]} Nc6 {[%emt 0:00:00]} 3. Nge2 {[%emt 0:00:29]} e6 {[%emt 0:02:27]} 4. d4 {[%emt 0:01:22]} cxd4 {[%emt 0:00:06]} 5. Nxd4 {[%emt 0:00:05]} Nf6 {[%emt 0:00:26]} 6. Ndb5 {[%emt 0:00:56]} d6 {[%emt 0:00:07]} 7. Bf4 {[%emt 0:00:27]} e5 {[%emt 0:00:06]} 8. Bg5 {[%emt 0:00:05]} a6 {[%emt 0:00:03]} 9. Na3 {[%emt 0:00:08]} b5 {[%emt 0:00:15]} 10. Nd5 {[%emt 0:00:59]} Be7 {[%emt 0:00:07]} 11. Bxf6 {[%emt 0:00:22]} Bxf6 {[%emt 0:00:05]} 12. c3 {[%emt 0:00:39]} Bg5 {[%emt 0:00:37]} 13. Nc2 {[%emt 0:00:52]} Rb8 {[%emt 0:04:32]} 14. Ncb4 {[%emt 0:04:33]} Nxb4 {[%emt 0:02:38]} 15. Nxb4 {[%emt 0:00:13]} Bb7 {[%emt 0:07:10]} 16. Bd3 {[%emt 0:02:45]} O-O {[%emt 0:02:50]} 17. h4 {[%emt 0:05:24]} Bh6 {[%emt 0:10:47]} 18. Bc2 {[%emt 0:03:57]} f5 {[%emt 0:08:24]} 19. Nd5 {[%emt 0:02:26]} fxe4 {[%emt 0:14:37]} 20. Bxe4 Bxd5 21. Qxd5+ Kh8 22. g3 Qb6 1/2-1/2

[Event "XII Closed IM BCC 2021"]
[Site "Barcelona"]
[Date "2021.03.18"]
[Round "4.1"]
[White "Girel, Joseph"]
[Black "Hernandez, Cristian Andres"]
[Result "0-1"]
[WhiteElo "2310"]
[BlackElo "2355"]
[Annotator "TA"]
[PlyCount "126"]
[EventDate "2021.03.15"]
[EventType "tourn"]
[EventCountry "ESP"]
[SourceTitle "playchess.com"]
[Source "ChessBase"]
[SourceQuality "1"]

{[%evp 9,126,25,27,24,47,46,52,48,46,46,43,52,51,60,87,102,102,58,77,67,85,42,54,45,47,67,56,62,85,18,26,0,0,0,29,-12,0,-104,-106,-105,-103,-108,-107,-113,-109,-145,-106,-102,-110,-97,-98,-93,-66,-118,-115,-119,-66,-82,-82,-93,-104,-165,-94,-93,-83,-170,-89,-75,-61,-100,-85,-137,-137,-305,-217,-222,0,-307,-286,-260,-260,-259,-129,-256,-164,-182,-122,-248,-162,-325,-166,-173,-114,-4134,-3533,-1534,-968,-810,-792,-29967,-29968,-29967,-1312,-29968,-29969,-29968,-29970,-29971,-29972,-29971,-29969,-29975,-29973,-29974,-29975,-29979,-29980,-29976,-29954]} 1. e4 c5 2. Nf3 d6 3. Bb5+ Nd7 4. O-O Ngf6 5. Re1 a6 6. Bd3 {B51: Sicilian: Moscow Variation (3 Bb5+) without 3...Bd7.} Ne5 7. Nxe5 dxe5 8. a4 {White is slightly better.} b6 9. b3 Qc7 10. Bb2 e6 11. Na3 Be7 12. Nc4 Nd7 13. Qh5 {[%cal Rc4e5]} g6 {[#]} 14. Qh6 $146 ({Predecessor:} 14. Bxe5 Nxe5 15. Qxe5 Qxe5 16. Nxe5 Bf6 17. Nc4 Bxa1 18. Nxb6 Bf6 19. Nxa8 Bd8 20. a5 Bxa5 21. Ra1 Bxd2 22. Bxa6 Bc3 23. Bb5+ Bd7 24. Ra7 {1-0 (24) Priyadharshan,K (2420)-Shabalov,A (2506) Wheeling 2014}) 14... Bf8 15. Qh3 Bg7 16. f4 O-O 17. f5 exf5 18. exf5 Bb7 19. Be4 (19. Qh4 $16) 19... Bxe4 $11 20. Rxe4 b5 21. Ne3 Nf6 (21... Rae8 {feels hotter.} 22. Rh4 Nf6 23. axb5 axb5 24. Ra6 Qd8) 22. Rh4 Rad8 $36 {[%mdl 2048] Black is more active.} 23. Qg3 (23. fxg6 $11 hxg6 24. d3) 23... Rxd2 $17 24. axb5 axb5 25. fxg6 ({Not} 25. Qxe5 $2 Qxe5 26. Bxe5 Re8 $19) 25... fxg6 26. Rf1 Re8 27. Qg5 Qd8 28. Bxe5 Nd5 29. Qxd8 Rxd8 30. Nxd5 Bxe5 31. c4 (31. Ne7+ $15 Kg7 32. Nc6) 31... Bd4+ 32. Kh1 Rf8 (32... b4 $17 33. Rb1 Ra8) 33. Rxf8+ Kxf8 $15 {[%cal Rd2d1][%mdl 4096] Endgame KRB-KRN} 34. g3 b4 35. Rf4+ (35. Rxh7 $17 {might work better.} Rb2 36. Nc7) 35... Kg7 (35... Ke8 $1 $19 36. Rf3 Kd7) 36. Rf3 $17 g5 37. g4 {[#]} (37. h3 $17) 37... h5 (37... Rd1+ $1 $19 38. Kg2 h5) 38. h3 h4 39. Ne7 Be5 40. Nf5+ ({White should play} 40. Kg1) 40... Kh7 41. Re3 $2 (41. Ne7 $17) 41... Bf4 42. Rf3 Be5 43. Re3 {[#]} Bc3 44. Re7+ Kg6 45. Rc7 Rb2 (45... Bf6 $19 {is more deadly. aiming for ...Rb2.} 46. Rxc5 Rd3) 46. Rxc5 (46. Rc6+ $17 {was the only chance.} Bf6 47. Nd6) 46... Rxb3 $19 47. Kg2 Rb1 (47... Rb2+ $19 48. Kf3 Rh2) 48. Rc7 (48. Rb5 $17) 48... Kf6 {And now ...b3 would win.} 49. Rb7 $2 (49. c5) 49... b3 (49... Ke5 $142 50. c5 Kd5) 50. c5 b2 {White must now prevent ...Rc1.} 51. Ne3 $2 {[%mdl 8192]} (51. c6 $17 Be5 52. Ng7) 51... Bd4 {[%mdl 64] Double Attack} 52. Nc4 Rc1 53. Rb6+ Ke7 54. Na3 Bxc5 55. Rb7+ Kd8 (55... Ke6 $142 56. Rxb2 Bxa3 57. Re2+ Kd5 58. Rf2 Kd4 59. Re2 Rc3 60. Re8 Rg3+ 61. Kh2 Bc1 62. Ra8 Kd3 63. Ra4 Bf4 64. Ra3+ Ke4 65. Ra4+ Kf3 66. Ra1 Rg2+ 67. Kh1 Rh2+ {[%mdl 64] Double Attack} 68. Kg1 Rxh3 69. Rf1+ Kxg4 70. Kg2 Rh2+ 71. Kg1 Kg3 72. Re1 h3 73. Kf1 Rf2+ 74. Kg1 Rf3 75. Kh1 Be3 76. Rd1 Rf2 77. Kg1 Rh2+ 78. Kf1 Kf3 79. Ke1 Rh1#) 56. Rb8+ Kc7 {Black mates.} 57. Rxb2 Bxa3 {KRB-KR} 58. Rb3 Bd6 59. Rb5 Bf4 60. Rf5 Rc3 61. Rf6 Rg3+ 62. Kh2 Rxg4+ 63. Kh1 Rg3 {Weighted Error Value: White=0.51/Black=0.43} 0-1

[Event "XII Closed IM BCC 2021"]
[Site "Barcelona"]
[Date "2021.03.18"]
[Round "4.2"]
[White "Alcala Gonzalez, Cesar"]
[Black "Benedetti, Julio"]
[Result "1-0"]
[WhiteElo "2110"]
[BlackElo "2282"]
[Annotator "TA"]
[PlyCount "61"]
[EventDate "2021.03.15"]
[EventType "tourn"]
[EventCountry "ESP"]
[SourceTitle "playchess.com"]
[Source "ChessBase"]
[SourceQuality "1"]

{[%evp 15,60,0,0,0,0,0,10,24,16,18,23,20,20,10,17,6,19,25,56,51,91,93,114,95,113,98,147,129,656,641,619,609,1070,990,5433,5406,29992,29989,29991,29992,29992,29993,29993,29994,29998,29999,29999]} 1. d4 Nf6 2. c4 e6 3. Nc3 Bb4 4. Qc2 O-O 5. a3 Bxc3+ 6. Qxc3 d5 7. Nf3 dxc4 8. Qxc4 b6 $1 9. Bg5 {E36: Nimzo-Indian: Classical: 4...d5 5 a3.} Ba6 10. Qa4 Qd7 11. Qc2 {The position is equal.} c5 12. Bxf6 gxf6 13. dxc5 Rc8 14. Rd1 Qe7 15. e3 Bxf1 (15... Rxc5 {seems wilder.} 16. Qe4 Bb7 17. Qh4 Nd7 18. Bd3 Nf8) 16. Kxf1 {[#]} bxc5 $146 ({Predecessor:} 16... Qxc5 17. Qxc5 bxc5 18. Ke2 Nc6 19. Rd2 Rab8 20. Rc2 Na5 21. Nd2 Rc6 22. Rhc1 Nb3 {1-0 (58) Michiels,B (2554)-Winants,L (2513) Belgium 2019}) 17. h4 c4 {[#]} 18. Ng5 $1 f5 ({Wrong is} 18... fxg5 $2 19. hxg5 f6 20. gxf6 $18) 19. g4 $36 {[%mdl 2048] White is really pushing.} f6 20. gxf5 fxg5 {[#]} 21. Rg1 {[%cal Rg1g5]} c3 $2 {[%mdl 8192] A mistake that costs the game.} (21... e5 $16) 22. Rxg5+ $18 Kh8 23. fxe6 Qf6 {If Black can now play ...Nc6 this consolidates a bit.} 24. Rd4 {White wants to mate with Rf4.} a5 25. Rf4 Qh6 26. Qd3 {White mates.} Ra7 27. Qd4+ {[%mdl 64] Double Attack} Rg7 28. e7 Rcg8 29. Rf8 c2 30. Rxg8+ {[%mdl 64] Back Rank} Kxg8 31. e8=Q# {Weighted Error Value: White=0.02/Black=0.55} 1-0